000 00854nam a2200229 a 4500
001 55917
003 BD-RjUL
005 20211209080330.0
008 161123s1944 enkb b 001 0 eng d
035 _a(BD-RjUL)56041
040 _aEQO
_cEQO
_beng
_dBD-RjUL
041 _aeng
082 _223
_a342.54
_bCOF 1944
100 1 _aCoupland, Reginald,
_d1884-1952.
_9166471
245 1 4 _aThe future of India :
_bthe third part of a report on the constitutional problem in India submitted to the Warden and Fellows of Nuffield College, Oxford /
_cby R. Coupland
260 _aLondon :
_bOxford University Press,
_c1944
300 _axiv, 207 p :
_bmaps, tables ;
_c22 cm.
504 _aIncludes bibliographical notes and index.
650 _aConstitution
_zIndia
_9168128
651 0 _aIndia
_xPolitics and government
_y1919-1947.
_9125445
942 _2ddc
_cBK
999 _c55917
_d55917